书目信息 |
| 题名: |
钢结构制作
|
|
| 作者: | 祝冰青 主编 | |
| 分册: | ||
| 出版信息: | 北京 中国水利水电出版社 2013 |
|
| 页数: | 359页 | |
| 开本: | 26cm | |
| 丛书名: | ||
| 单 册: | ||
| 中图分类: | TU391 | |
| 科图分类: | ||
| 主题词: | 钢结构--结构构件--制作--高等职业教育--教材 , 结构构件 , 钢结构 | |
| 电子资源: | ||
| ISBN: | 978-7-5170-1217-7 | |
| 000 | 00879nam0 2200253 450 | |
| 001 | 141123 | |
| 005 | 20141106112250.04 | |
| 010 | @a978-7-5170-1217-7@dCNY 48.00 | |
| 100 | @a20131016d2013 em y0chiy50 ea | |
| 101 | 0 | @achi |
| 102 | @aCN@b110000 | |
| 105 | @aa z 000yy | |
| 200 | 1 | @a钢结构制作@9gang jie gou zhi zuo@b专著@f祝冰青主编 |
| 210 | @a北京@c中国水利水电出版社@d2013 | |
| 215 | @a359页@c图@d26cm | |
| 300 | @a高职高专教改系列教材 | |
| 330 | @a本书共8个学习项目,内容包括:钢结构施工图识图,钢结构钢材,钢结构制作准备,钢结构零部件加工,钢结构连接工艺与质量控制,钢构件的组装和预拼装,钢结构的涂装,钢结构成品检查与运输。 | |
| 606 | 0 | @a钢结构@x结构构件@x制作@x高等职业教育@j教材 |
| 606 | 0 | @a结构构件 |
| 606 | 0 | @a钢结构 |
| 690 | @aTU391@v5 | |
| 701 | 0 | @a祝冰青@9zhu bing qing@c(女,@f1978~)@4主编 |
| 801 | 0 | @c20141106 |
| 905 | @a241430@dTU391@eZ914 | |
| 钢结构制作/祝冰青主编.-北京:中国水利水电出版社,2013 |
| 359页:图;26cm |
| 高职高专教改系列教材 |
| ISBN 978-7-5170-1217-7:CNY 48.00 |
| 本书共8个学习项目,内容包括:钢结构施工图识图,钢结构钢材,钢结构制作准备,钢结构零部件加工,钢结构连接工艺与质量控制,钢构件的组装和预拼装,钢结构的涂装,钢结构成品检查与运输。 |
| ● |
| 相关链接 |
|
|
|
正题名:钢结构制作
索取号:TU391/Z914
 
预约/预借
| 序号 | 登录号 | 条形码 | 馆藏地/架位号 | 状态 | 备注 |
| 1 | 0836985 | 208369852 | 建筑库101/101建筑库 90排2列1层/ [索取号:TU391/Z914] | 在馆 | |
| 2 | 0836986 | 208369861 | 建筑库101/101建筑库 90排2列1层/ [索取号:TU391/Z914] | 在馆 | |
| 3 | 0836987 | 208369870 | 建筑库101/101建筑库 90排2列1层/ [索取号:TU391/Z914] | 在馆 |